000 00424nam a2200157 a 4500
005 20140412111321.0
008 030410s19uu xx 00 eng d
020 _a0-7498-0694-X
050 _aER
_bNu88 1992
245 _aNumbers.
260 _aManchester :
_bWorld International Pub. Ltd,
_c1992.
300 _a1 v. (unp.) ; ill.
440 _aTell me about
650 _aCounting--Juvenile literature
999 _c104387
_d104387